| 000 | 00328nam a2200109Ia 4500 | ||
|---|---|---|---|
| 008 | 220204s9999 xx 000 0 und d | ||
| 082 |
_aNR:331(047) _bGEO |
||
| 245 | 0 | _aLabour conditions in Rubber estates: Report of a study conducted in 1972 | |
| 260 |
_aKottayam _bRubber Board _c1974 |
||
| 650 | _aPlantation Labour | ||
| 942 | _cBK | ||
| 999 |
_c23192 _d23192 |
||